LEADER 01428nam a2200289 a 4500 001 000000119494 003 CaOOAMICUS 005 20100125130702.0 008 100125t2009 it abo u000 u ita r 040 $aPUL$bita$dReb 041 1 $aita$heng 100 1 $aRottman, Gordon L.$0(OLS)http://pul/name/72419 240 10$aOkinawa 1945 : the last battle$lItaliano.$0(OLS)http://pul/title/150343 245 10$aOkinawa, marzo-giugno 1945 :$blotta senza speranza : l'ultima resistenza giapponese /$cGordon L. Rottman ; con illustrazioni di Howard Gerrard. 260 $aMilano :$bRBA Italia,$c©2009. 300 $a96 p. :$bill., c. geogr., foto ;$c25 cm. 490 1 $aGrandi battaglie della Seconda guerra mondiale 500 $aPubblicazione periodoca settimanale. 504 $aInclude bibliografia ed indice. 650 4$aGuerra mondiale,1939-1945 $zGiappone.$0(OLS)http://pul/subject/36323 700 1 $aGerrard, Howard.$0(OLS)http://pul/name/70507 830 0$aGrandi battaglie della Seconda guerra mondiale.$0(OLS)http://pul/title/143669 850 $aPUL 852 $aPUL$W1$xDP2 Filosofia 3$y112$m945. 54 COLL 1.48$j137086$qDDC 21$B136156$CPULBib$Z2$F136156 $H112354 $82 941 1 $a9 996 $6245$aOkinawa, marzo-giugno 1945 :$blotta senza speranza : l'ultima resistenza giapponese$9(OLS)http://pul/title/150342 996 $6260$aMilano :$bRBA Italia$9(OLS)http://pul/publisher/80118 LEADER 01362nam a2200325 a 4500 001 000000153450 003 CaOOAMICUS 005 20160902135517.0 008 160902s2012 it u000 u ita r 020 $a978-88-382-4163-5* 032 $aLibriCat 040 $aPUL$bita 082 04$a378 245 02$aL'universitą e la sua riforma /$cGiuseppe Bertagna, Vincenzo Cappelletti (edd.) 260 $aRoma :$bStudium,$c©2012. 300 $a177 p. ;$c19 cm. 490 1 $aUniversale Studium. Nuova serie ;$v03 504 $aContiene riferimenti bibliografici. 650 4$aUniversitą$xRiforma$zItalia.$0(OLS)http://pul/subject/43612 700 1 $aBertagna, Giuseppe.$0(OLS)http://pul/name/72967 700 1 $aCappelletti, Vincenzo,$d1930-$0(OLS)http://pul/name/5636 830 0$aUniversale Studium.$nNuova serie ;$v03.$0(OLS)http://pul/title/163896 850 $aPUL 852 $aPUL$W1$xSL Diritto e Scienze Sociali 3$y79$m378 BERGI 1$j176698$qDDC 21$B179341$CPULBib$Z2$F179341 $H120155 $81 941 1 $a9 996 $6020$a978-88-382-4163-5*$9(OLS)http://pul/number/160868 996 $6082$a378$9(OLS)http://pul/classification/747 996 $6245$aL'universitą e la sua riforma$9(OLS)http://pul/title/192920 996 $6260$aRoma :$bStudium$9(OLS)http://pul/publisher/47892